000 00764nam a2200205 i 4500
001 92220
003 ES-MaACL
005 20251201193353.0
007 t|
008 050223s1962 sp ||||1| spa d
130 3 _aEl libro de los muertos.
_9184246
245 1 3 _aEl Libro de los muertos de los antiguos egipcios... El Bardo Thodol, libro tibetano de los espíritus del más allá... /
_cTraducidos, prologados y anotados por Juan B. Bergua.
260 _aMadrid :
_b[s.n.,
_c1962] (
_eAvila :
_fGráf. Senén Martin)
300 _a554 p. ;
_c17 cm.
500 _aPrimer libro escatológico de la humanidad.
700 1 _aBergua, Juan B.,
_d1892-1991
_928018
740 3 _aEl Bardo Thodol.
852 _aES-MaACL
_jE-3842
_bR.50681
999 _c92220
_d92220